International marketing

Αποθηκεύτηκε σε:
Λεπτομέρειες βιβλιογραφικής εγγραφής
Κύριος συγγραφέας: Czinkota, Michael R.
Άλλοι συγγραφείς: Ronkainen, IIkka A.
Μορφή: Βιβλίο
Γλώσσα:English
Δημοσίευση: Fort Worth: Dryden Press, c1993.
Έκδοση:4th ed.
Σειρά:Dryden Press series in marketing
Θέματα:
Ετικέτες: Προσθήκη ετικέτας
Δεν υπάρχουν, Καταχωρήστε ετικέτα πρώτοι!

MARC

LEADER 00000cam a2200000 a 4500
001 1/114809
008 170905s1993####txu| ||| |||| ||eng||
020 |a 0030983428 
040 |a GR-MyUa  |b gre  |c GR-MyUa  |e AACR2 
041 0 |a eng 
082 7 |a 658.84   |2 (23) 
100 1 |a Czinkota, Michael R. 
245 1 0 |a International marketing /   |c Michael R. Czinkota, Ilkka A. Ronakainen.  
250 |a 4th ed.  
260 |a Fort Worth:   |b Dryden Press,   |c c1993.  
300 |a xxix, 815 σ. ;   |c 26 εκ.  
490 1 |a (The Dryden Press series in marketing) 
504 |a Περιλαμβάνει βιβλιογραφικές παραπομπές και ευρετήρια.  
650 0 |a Export marketing. 
700 1 |a Ronkainen, IIkka A. 
830 0 |a Dryden Press series in marketing 
852 |a INST  |b SYROS  |e 20170905  |h 658.84 CZI  |p 005500013117  |q 005500013117  |t BK  |y 0 
970 |a Κοντού  |b Παρασκευή  |z 05/09/2017